LDR 00826naa#a2200217#i#450# 001 EN\\bibl\123259 005 20260603142142.3 011 ## _a2782-5957 100 ## _a20260529b2026####ek#y0engy0150####ca 102 ## _aRU 200 1# _aTHE INFLUENCE OF LASER QUENCHING MODES ON TRIBOLOGICAL PROPERTIES OF STEEL _eJournal article 210 1# _aBryansk _cBryansk State Technical University _d2026 215 ## _a7 с. 608 ## _aJournal article _2local 675 ## _aОбщие вопросы. Трение в машине. 621.891 _z 686 ## _aОбщая технология машиностроения. Обработка металлов. 345 _2bbk 700 #1 _aBiryukov _gVladimir Pavlovich 700 #1 _aYakubovsky _gAnton Alekseevich 700 #1 _aKulakov _gOleg Igorevich 700 #1 _aGoryunov _gYaroslav Alekseevich 856 4# _anaukaru.ru _u